VP Becomes President - Statistics

General Stats
  • This quiz has been taken 65 times
  • The average score is 10 of 13
Answer Stats
Hint Answer % Correct
Direct Election George HW Bush
98%
Presidential Resignation Gerald Ford
98%
Presidential Death Andrew Johnson
96%
Presidential Death Lyndon Johnson
96%
Presidential Death Harry Truman
93%
Direct Election John Adams
91%
Presidential Death Theodore Roosevelt
82%
Direct Election Thomas Jefferson
80%
Presidential Death Calvin Coolidge
71%
Presidential Death John Tyler
71%
Direct Election Martin Van Buren
56%
Presidential Death Chester Arthur
55%
Presidential Death Millard Fillmore
55%
No matching quizzes found
Score Distribution
Percent of People with Each Score
Percentile by Number Answered
Your Score History
You have not taken this quiz